Modelování a projektování systémů řízení
Na minha lista:
| Autor principal: | |
|---|---|
| Autor Corporativo: | |
| Formato: | Livro |
| Idioma: | tcheco |
| Publicado em: |
Praha
Státní pedagogické nakladatelství
1986
|
| Edição: | 2. přeprac. vyd. |
| Tags: |
Sem tags, seja o primeiro a adicionar uma tag!
|
MARC
| LEADER | 00000nam a2200000 4500 | ||
|---|---|---|---|
| 001 | c105193 | ||
| 005 | 20190423104038.7 | ||
| 041 | 0 | |a cze | |
| 044 | |a CZ | ||
| 245 | 1 | 0 | |a Modelování a projektování systémů řízení |c Stanislav Smola |
| 250 | |a 2. přeprac. vyd. | ||
| 264 | 1 | |a Praha |b Státní pedagogické nakladatelství |c 1986 | |
| 300 | |a 141 s. | ||
| 100 | 1 | |a Smola, Stanislav | |
| 710 | 2 | |a Vysoká škola ekonomická v Praze. Fakulta řízení | |